000 00749nam a2200265 i 4500
001 C2-0293814
003 PPAK
005 20180728025623.0
008 090204s2008 my a|||| ||||| | may d
020 _a9789831657447
040 _aPPAK
_beng
_cPPAK
_erda
082 0 4 _a499.2386
_223
090 0 0 _a499.2386
_bKEL
_dK
245 0 0 _aKelawar terbang malam
264 1 _aPetaling Jaya, Selangor :
_bJunior Pages ,
_c2008
300 _a16 pages :
_bcolour illustrations ;
_c26 cm
336 _2rdacontent
_atext
337 _2rdamedia
_aunmediated
338 _2rdacarrier
_avolume
490 1 _aAsal usul binatang
650 1 0 _aBahasa Malaysia - Readers
700 0 _aRubiah Jusoh,
_ecompile
830 0 _aAsal usul binatang
942 _ddc
_cB
999 _c98499
_d98499